Quizzes
Events
Quiz Creation
Community
Videos
Private Events
Remove Ads
Sign In
Join for FREE
Feedback
Dark Mode
Quiz Categories
Sports
Geography
Music
Movies
Television
Just For Fun
Miscellaneous
History
Literature
Language
Science
Gaming
Entertainment
Religion
Holiday
For Kids
Quiz Lab
Recent
Popular Today
Quiz Kudos Today
Editor Picks
Curator Picks
Quizzes by...
Day
Popularity
Type
Ratings
Length
Year
Community
Subscriptions
Recent Discussions
Orange Saloon
Badges
Playlists
Quests
Create
Leaderboards
Showdown
Live 5
Trivia Bingo
Activity
Puzzle Library
Sporcle Events
Private Events
Virtual Trivia
Globe League
Become a Host
Pub Owners
SporcleCon
Opinionation
Our Games
Videos
Blog
Mobile Apps
Partnerships
Remove Ads and Go Orange
Feedback
Miscellaneous
Crossword
General Knowledge
Baby Names
Logo
Food
Cars
Numbers
Grab Bag
University
College
Popular
Company
Slogans
Restaurants
Justice
Letter
Miscellaneous
Crossword
General Knowledge
Baby Names
Logo
Food
Cars
Numbers
Grab Bag
University
College
Popular
Company
Slogans
Restaurants
Justice
Letter
Random Quiz
Search Sporcle
×
Quiz Lab
Quiz Lab
Miscellaneous
railroad
Type in answers that appear in a list
Type in answers that appear in a list
Classic
Best Score? Go Orange.
CSX Grand Rapids Subdivision Stats
Can you name the CSX Grand Rapids Sub Stations and detectors?
By
rsekeet
7m
35 Questions
27 Plays
27 Plays
27 Plays
Comments
Comments
Give Quiz Kudos
Give Quiz Kudos
-
- Ratings
hide this ad
More Info
Replay
Link that replays current quiz
Next Quiz
Link to next quiz in quiz playlist
You Got
0%
They Got
Avg Score
51%
Avg Friend Score
Upgrade to see
Score Distribution
Jump to the score distribution portion of the page
Score
0/35
Timer
07:00
0
Plays Today
Mileposts
Stations
% Correct
CG 25.3
Holland
81.5%
CG 19.1 DD
Zeeland DD
70.4%
CG 126.1
E/E Michigan City
70.4%
CG 127.2
W/E Michigan City
70.4%
CG 23.0
Waverly East
66.7%
CG 87.5
Benton Harbor/St. Joseph Bridge
66.7%
CG 24.2, 24.4
Waverly
63%
CG 6.0
Grandville
59.3%
CG 12.0
E/E Hudsonville
59.3%
CG 14.0
W/E Hudsonville
59.3%
CG 113.9
E/E New Buffalo
55.6%
CG 116.5
W/E New Buffalo
55.6%
CG 135.5
Porter
55.6%
CG 3.5
Lamar
51.9%
CG 32.0, 33.0
East Saugatuck
51.9%
CG 41.4
E/E Wells
48.1%
CG 43.3
W/E Wells
48.1%
CG 61.3
E/E Gross
48.1%
Mileposts
Stations
% Correct
CG 63.1
W/E Gross
48.1%
CG 66.2 DD
Hartford DD
48.1%
CG 44.2 DD
Pearl DD
44.4%
CG 53.9
E/E Grand Junction
44.4%
CG 55.9
W/E Grand Junction
44.4%
CG 70.2
E/E Kirk
44.4%
CG 72.3
W/E Kirk
44.4%
CG 91.9 DD
Vine DD
44.4%
CG 97.4
E/E Livingston
44.4%
CG 99.3
W/E Livingston
44.4%
CG 104.6
E/E Sawyer
44.4%
CG 106.4
W/E Sawyer
44.4%
CG 80.1
Riverside
40.7%
CG 108.9 DD
Lakeside DD
40.7%
CG 136.0
CP 482 (NS RR)
40.7%
CG 82.8
Grey
37%
CG 131.3 DD
Doran DD
37%
Quiz Playlist
Details
Report
Send in Message
Add To Playlist
More Info:
Can you name the CSX Grand Rapids Subdivision Stations Names and Defect Detectors from Lamar to Porter.
Classic:
Type in answers that appear in a list
Quiz Source
Last Updated: Feb 16, 2017
Quiz Scoreboard
CHALLENGE
Sign Up to Join the Scoreboard
Show All
Scores
Hide
Comments
May contain spoilers
Recently Published
College Basketball Coaching Resumes
by pancakes188
Sports
9m
Billboard Blitz: Fleetwood Mac
by CooCooCachoo
Music
15s
Presidents Visiting Landmarks
by Hejman
History
7m
More to Explore
Quiz From the Vault
Featured Blog Post
Where Did the Easter Bunny Come From?
hide this ad
You Might Also Like...
Tags
freight
railroad
train
Today's Top Quizzes in Miscellaneous
Browse Miscellaneous
hide this ad
Top Contributed Quizzes in Miscellaneous
1
5-to-1: Fast Food
2
The JOE quick-fire general knowledge quiz: Day 174
3
The JOE quick-fire general knowledge quiz: Day 173
4
5-to-1: Cocktails
5
The JOE quick-fire general knowledge quiz: Day 172
6
Sunday Crossword: Famous Bodies of Water
7
The JOE quick-fire general knowledge quiz: Day 171
8
One Thing in Common: United Kingdom II
9
Named After an Animal - Odd One Out!
10
The JOE quick-fire quiz: Day 170
Explore More
Trending Topics
Marvel
Harry Potter
NBA
Crossword
Disney
Kpop
Anime
Puzzle
The Office
WWE
Song
Pokémon
NFL
Soccer
Country
hide this ad
More By:
rsekeet
Quiz
Plays
Rating
Category
Featured
Created
NORAC Signal Aspects
581
5.00
Miscellaneous
Feb 1, 2011
CTA Red Line Stations
167
3.00
Miscellaneous
Feb 1, 2011
South Shore Line (NICTD) Stations
60
Miscellaneous
Jan 30, 2011
CSX Grand Rapids Subdivision
27
Miscellaneous
Feb 1, 2011
Go to Creator's Profile
Score Distribution
Quiz Creator Spotlight
rsekeet
Follow
Send a Message
Quizzes Created
-
Created Quiz Play Count
-
More By This Creator
Popular Quizzes Today
1
Find the US States - No Outlines Minefield
2
Find the Countries of Europe - No Outlines Minefield
3
The Countries of the World
4
Find the US States
5
Risky Map Clicking: Biggest States A-Z
6
US States
7
Popular People in 1961
8
Movies - When Are They Set?
More Miscellaneous Quizzes
Foods Prepared by Swedish Chef
Editor's Pick
Trending Quizzes
Risky Map Clicking: Least Populous States A-Z
1-10 Letter G Words
1-10 Letter F Words
Risky Map Clicking: Next State Alphabetically
Click the Washington State Counties! (Map)
Recently Updated
Leaping Animals
pecheneg
Reality TV Shows (A-Z)
bhenderson79
Rickey Henderson's Hall of Fame Teammates
pecheneg
Champions League XIs: Arsenal
pecheneg
Quick Pick: Celebrities in WWE's Hall of Fame
aduchscher
A-Z Keypad Blitz II
pecheneg
Multiple Oscar Actors
pecheneg
Mystery Phrase Blitz: Oscar 'Best Actors'
pecheneg
F. Scott Fitzgerald Novels
LTH
Pick 3 Villains
ddd62291
Trending Topics
Kpop
NBA
Harry Potter
Anime
Crossword
Marvel
Disney
Pokémon
Country
Soccer
NFL
WWE
The Office
Puzzle
Song
Your Account Isn't Verified!
In order to create a playlist on Sporcle, you need to verify the email address you used during registration. Go to your
Sporcle Settings
to finish the process.
Report this User
Report this user for behavior that violates our
Community Guidelines
.
Details:
Send Report
Go to the Sporcle.com Mobile Site →
Comments